<?xml version="1.0" encoding="UTF-8"?><?xml-stylesheet type="text/xsl" href="static/style.xsl"?><OAI-PMH xmlns="http://www.openarchives.org/OAI/2.0/" xmlns:xsi="http://www.w3.org/2001/XMLSchema-instance" xsi:schemaLocation="http://www.openarchives.org/OAI/2.0/ http://www.openarchives.org/OAI/2.0/OAI-PMH.xsd"><responseDate>2026-04-14T07:43:03Z</responseDate><request verb="GetRecord" identifier="oai:www.recercat.cat:2117/445591" metadataPrefix="marc">https://recercat.cat/oai/request</request><GetRecord><record><header><identifier>oai:recercat.cat:2117/445591</identifier><datestamp>2026-02-04T06:55:54Z</datestamp><setSpec>com_2072_1033</setSpec><setSpec>col_2072_452950</setSpec></header><metadata><record xmlns="http://www.loc.gov/MARC21/slim" xmlns:dcterms="http://purl.org/dc/terms/" xmlns:xsi="http://www.w3.org/2001/XMLSchema-instance" xmlns:doc="http://www.lyncode.com/xoai" xsi:schemaLocation="http://www.loc.gov/MARC21/slim http://www.loc.gov/standards/marcxml/schema/MARC21slim.xsd">
   <leader>00925njm 22002777a 4500</leader>
   <datafield ind2=" " ind1=" " tag="042">
      <subfield code="a">dc</subfield>
   </datafield>
   <datafield ind2=" " ind1=" " tag="720">
      <subfield code="a">Dalmau Bueno, Antoni</subfield>
      <subfield code="e">author</subfield>
   </datafield>
   <datafield ind2=" " ind1=" " tag="720">
      <subfield code="a">Sánchez Matamoros, Almudena</subfield>
      <subfield code="e">author</subfield>
   </datafield>
   <datafield ind2=" " ind1=" " tag="720">
      <subfield code="a">Molina, Jorge</subfield>
      <subfield code="e">author</subfield>
   </datafield>
   <datafield ind2=" " ind1=" " tag="720">
      <subfield code="a">Xercavins Simó, Aida</subfield>
      <subfield code="e">author</subfield>
   </datafield>
   <datafield ind2=" " ind1=" " tag="720">
      <subfield code="a">Varvaró Porter, Aranzazu</subfield>
      <subfield code="e">author</subfield>
   </datafield>
   <datafield ind2=" " ind1=" " tag="720">
      <subfield code="a">Muñoz, Israel</subfield>
      <subfield code="e">author</subfield>
   </datafield>
   <datafield ind2=" " ind1=" " tag="720">
      <subfield code="a">Moles, Xènia</subfield>
      <subfield code="e">author</subfield>
   </datafield>
   <datafield ind2=" " ind1=" " tag="720">
      <subfield code="a">Baulida Palomeras, Berta</subfield>
      <subfield code="e">author</subfield>
   </datafield>
   <datafield ind2=" " ind1=" " tag="720">
      <subfield code="a">Fàbrega Romans, Emma</subfield>
      <subfield code="e">author</subfield>
   </datafield>
   <datafield ind2=" " ind1=" " tag="720">
      <subfield code="a">Velarde Calvo, Antonio</subfield>
      <subfield code="e">author</subfield>
   </datafield>
   <datafield ind2=" " ind1=" " tag="720">
      <subfield code="a">Pallissera Lloveras, Joaquim</subfield>
      <subfield code="e">author</subfield>
   </datafield>
   <datafield ind2=" " ind1=" " tag="720">
      <subfield code="a">Puigredon, Alba</subfield>
      <subfield code="e">author</subfield>
   </datafield>
   <datafield ind2=" " ind1=" " tag="720">
      <subfield code="a">Contreras Jodar, Alexandra</subfield>
      <subfield code="e">author</subfield>
   </datafield>
   <datafield ind2=" " ind1=" " tag="260">
      <subfield code="c">2021-08-11</subfield>
   </datafield>
   <datafield ind2=" " ind1=" " tag="520">
      <subfield code="a">The aim of the present study was to compare intramuscular injection with a needle and intradermic needle-free vaccinations against porcine reproductive and respiratory syndrome (PRRS) in piglets at 28 days old by studying behavioral and physiological reactions. A total of 72 piglets divided into 2 sex-balanced batches were assessed. Within each batch, the piglets were divided into three treatments, which were Hipradermic (0.2 ml of UNISTRAIN® PRRS vaccine administered with an intradermic needle-free device), Intramuscular (IM, 2.0 ml of vaccine), and Control (not vaccinated). Before the vaccination, the piglets were trained to cross a 4-m-long raceway to perform an aversion learning test. The day of vaccination, the time taken to cross the raceway was registered for each piglet at different times: prior to the vaccination and 10 min, 2, 24, 48, and 72 h after the vaccination, to measure variations in these times as signs of aversion to the vaccination process. Vocalizations, as potential signs of pain, were recorded as well at the end of this raceway to analyze their frequency (Hz), duration, and level of pressure (dB) at the moment of vaccination. Salivary cortisol, as a sign of the HPA-axis activity, was assessed 10 min after the vaccination. In addition, activity budgets, local reaction to the vaccine, and serological titer were also considered in the study. Ten minutes after the vaccination, the IM piglets took longer (&lt;jats:italic>p&lt;/jats:italic>&amp;lt; 0.001) to cross the raceway than did the Hipradermic and Control piglets. Vocalizations were significantly different between the three treatments: the Control piglets produced vocalizations with the lowest frequency (&lt;jats:italic>p&lt;/jats:italic>&amp;lt; 0.001) and level of pressure (&lt;jats:italic>p&lt;/jats:italic>&amp;lt; 0.001), and IM with the highest, with Hipradermic in a significant intermediate position (&lt;jats:italic>p&lt;/jats:italic>&amp;lt; 0.001). Accordingly, the day of the vaccination, IM and Hipradermic animals were lying on the side of the vaccine administration a greater proportion of time than were the Control piglets (10, 11, and 6%, respectively;&lt;jats:italic>p&lt;/jats:italic>= 0.027). Salivary cortisol was not significantly different between treatments. The serum titer of antibodies against the PRRS was higher (&lt;jats:italic>p&lt;/jats:italic>&amp;lt; 0.001) in both vaccinated treatments in comparison to the Control piglets. It is concluded that the Hipradermic needle-free vaccination may result in a less aversive experience in piglets than did intramuscular vaccination.</subfield>
   </datafield>
   <datafield ind2=" " ind1=" " tag="520">
      <subfield code="a">Postprint (published version)</subfield>
   </datafield>
   <datafield tag="653" ind2=" " ind1=" ">
      <subfield code="a">Àrees temàtiques de la UPC::Enginyeria agroalimentària::Ramaderia::Veterinària</subfield>
   </datafield>
   <datafield tag="653" ind2=" " ind1=" ">
      <subfield code="a">Àrees temàtiques de la UPC::Enginyeria agroalimentària::Ramaderia::Bestiar porcí</subfield>
   </datafield>
   <datafield tag="653" ind2=" " ind1=" ">
      <subfield code="a">PRRS</subfield>
   </datafield>
   <datafield tag="653" ind2=" " ind1=" ">
      <subfield code="a">Animal welfare</subfield>
   </datafield>
   <datafield tag="653" ind2=" " ind1=" ">
      <subfield code="a">Aversion test</subfield>
   </datafield>
   <datafield tag="653" ind2=" " ind1=" ">
      <subfield code="a">Behavior</subfield>
   </datafield>
   <datafield tag="653" ind2=" " ind1=" ">
      <subfield code="a">Needle-free vaccination</subfield>
   </datafield>
   <datafield tag="653" ind2=" " ind1=" ">
      <subfield code="a">Pain indicators</subfield>
   </datafield>
   <datafield tag="653" ind2=" " ind1=" ">
      <subfield code="a">Piglets</subfield>
   </datafield>
   <datafield tag="653" ind2=" " ind1=" ">
      <subfield code="a">Vocalizations</subfield>
   </datafield>
   <datafield ind2="0" ind1="0" tag="245">
      <subfield code="a">Intramuscular vs. intradermic needle-free vaccination in piglets: relevance for animal welfare based on an aversion learning test and vocalizations</subfield>
   </datafield>
</record></metadata></record></GetRecord></OAI-PMH>